<?xml version="1.0" encoding="UTF-8"?>
<record
    xmlns:xsi="http://www.w3.org/2001/XMLSchema-instance"
    xsi:schemaLocation="http://www.loc.gov/MARC21/slim http://www.loc.gov/standards/marcxml/schema/MARC21slim.xsd"
    xmlns="http://www.loc.gov/MARC21/slim">

  <leader>01094nam a2200253 i 4500</leader>
  <controlfield tag="001">87745</controlfield>
  <controlfield tag="003">ES-MaACL</controlfield>
  <controlfield tag="005">20251015063108.0</controlfield>
  <controlfield tag="007">t|</controlfield>
  <controlfield tag="008">041223s1908    fr           |||| | fre d</controlfield>
  <datafield tag="100" ind1="1" ind2=" ">
    <subfield code="a">La Bo&#xE9;tie, &#xC9;tienne de, </subfield>
    <subfield code="d">1530-1563</subfield>
    <subfield code="9">69132</subfield>
  </datafield>
  <datafield tag="245" ind1="1" ind2="0">
    <subfield code="a">De la servitude volontaire ou Le contr'un </subfield>
    <subfield code="b">: discours / </subfield>
    <subfield code="c">par &#xC9;tienne de La Bo&#xE9;tie ; pr&#xE9;c&#xE9;d&#xE9; d'une pr&#xE9;face par A. Vermorel et suivi de lettres de Montaigne relatives a La Bo&#xE9;tie.</subfield>
  </datafield>
  <datafield tag="246" ind1="3" ind2="0">
    <subfield code="a">Contr'un</subfield>
  </datafield>
  <datafield tag="260" ind1=" " ind2=" ">
    <subfield code="a">Paris : </subfield>
    <subfield code="b">Librairie de la Biblioth&#xE8;que Nationale, </subfield>
    <subfield code="c">1908.</subfield>
  </datafield>
  <datafield tag="300" ind1=" " ind2=" ">
    <subfield code="a">191 p. ; </subfield>
    <subfield code="c">15 cm.</subfield>
  </datafield>
  <datafield tag="490" ind1="1" ind2=" ">
    <subfield code="a">Collection des meilleurs auteurs anciens et moderns</subfield>
  </datafield>
  <datafield tag="505" ind1="8" ind2=" ">
    <subfield code="a">Contiene adem&#xE1;s:  De l'amiti&#xE9; / Montaigne. - Vingt et neuf sonnets / d'Etienne de La Bo&#xE9;tie</subfield>
  </datafield>
  <datafield tag="650" ind1=" " ind2="4">
    <subfield code="a">Libertad-</subfield>
    <subfield code="v">Obras anteriores a 1800.</subfield>
    <subfield code="9">149344</subfield>
  </datafield>
  <datafield tag="700" ind1="1" ind2=" ">
    <subfield code="a">Vermorel, Auguste (</subfield>
    <subfield code="d">1841-1871)</subfield>
    <subfield code="9">133643</subfield>
  </datafield>
  <datafield tag="700" ind1="1" ind2=" ">
    <subfield code="a">Montaigne, Michel de,</subfield>
    <subfield code="d">1533-1592</subfield>
    <subfield code="9">82329</subfield>
  </datafield>
  <datafield tag="830" ind1="0" ind2=" ">
    <subfield code="a">Collection des meilleurs auteurs anciens et moderns</subfield>
    <subfield code="9">231797</subfield>
  </datafield>
  <datafield tag="852" ind1=" " ind2=" ">
    <subfield code="a">ES-MaACL</subfield>
    <subfield code="j">T-1458-F-2</subfield>
  </datafield>
  <datafield tag="999" ind1=" " ind2=" ">
    <subfield code="c">87745</subfield>
    <subfield code="d">87745</subfield>
  </datafield>
  <datafield tag="952" ind1=" " ind2=" ">
    <subfield code="0">0</subfield>
    <subfield code="1">0</subfield>
    <subfield code="4">0</subfield>
    <subfield code="7">0</subfield>
    <subfield code="8">Colecci&#xF3;n_de_folletos</subfield>
    <subfield code="a">ATENEOM</subfield>
    <subfield code="b">ATENEOM</subfield>
    <subfield code="c">DEPOF</subfield>
    <subfield code="d">2008-01-17</subfield>
    <subfield code="e">SC</subfield>
    <subfield code="l">0</subfield>
    <subfield code="o">T-1458-F-2</subfield>
    <subfield code="p">1091665</subfield>
    <subfield code="r">2023-02-23 00:00:00</subfield>
    <subfield code="w">2023-02-23</subfield>
    <subfield code="y">FOLLETOS</subfield>
  </datafield>
</record>
